[Event "Warsaw Maciei Memorial"]
[Site "Warsaw"]
[Date "2023.07.10"]
[Round "1"]
[White "Sliwicki, Damian"]
[Black "Etel, Szymon"]
[Result "0-1"]
[WhiteElo "2103"]
[BlackElo "1277"]
[PlyCount "117"]
[EventDate "2023.07.10"]
[EventType "swiss (blitz)"]
[EventRounds "11"]
[EventCountry "POL"]
[SourceTitle "CBM 215 Extra"]
[Source "ChessBase"]
[SourceDate "2023.09.30"]
[SourceVersion "1"]
[SourceVersionDate "2023.09.30"]
[SourceQuality "1"]

1. e4 e6 2. d4 d5 3. Nc3 Nf6 4. Bg5 Be7 5. e5 Nfd7 6. h4 h6 7. Bxe7 Qxe7 8. Qg4 0-0 9. 0-0-0 c5 10. Nf3 Nc6 11. dxc5 Qxc5 12. Qg3 b5 13. Bxb5 Rb8 14. a4 a6 15. Bxc6 Qxc6 16. Nd4 Qb7 17. Nb3 Qc7 18. f4 Nc5 19. Nxc5 Qxc5 20. Rh3 Qb4 21. b3 Bd7 22. Qd3 Rfc8 23. Kb2 Qxf4 24. Qd4 Qxd4 25. Rxd4 Rb7 26. g4 Be8 27. g5 h5 28. Rf3 Rbc7 29. Rdf4 Kh7 30. Rg3 g6 31. Rd4 Kg7 32. Rdd3 Bc6 33. Ne2 Be8 34. Nd4 Bd7 35. Rgf3 Be8 36. Rf2 Bd7 37. Rdf3 Be8 38. c3 Rb8 39. Ka3 Rcb7 40. b4 Rc7 41. Nb3 Rc4 42. Nc5 Rxh4 43. Nxa6 Ra8 44. Nc5 Rc4 45. a5 d4 46. Kb3 Rxc3+ 47. Rxc3 dxc3 48. Kxc3 Rd8 49. a6 Bb5 50. a7 Ra8 51. Ra2 Bc6 52. Ra6 Bd5 53. b5 h4 54. b6 h3 55. Ra2 Bxa2 56. b7 h2 57. bxa8Q Bd5 58. Nxe6+ fxe6 59. Qb8 0-1